00510nam a2200181 a 4500001001300000003000900013005001700022008004100039020000800080082001600088100002200104245007900126260004700205300000900252500003500261505001000296700002200306nice12345678IN_TiNIC20260116012353.0050524s1986 sina grp 000 0 eng  ac000a270.82bSTE aStephens, Barbara aFinding the Way Togetherb Education for Ecumenical Understanding & Action aSingapurbChristian Conference Indiac1986 a286p aincludes index and biblioraphy2 aIndex1 aStephens, Barbara